000 01589nam a2200433 a 4500
001 0000236
003 DO-SdBNP
005 20180306131202.0
007 0000236
008 150130s 2013 dr ac 000 0 spa d
010 _a
020 _a9789945461941
040 _aBPMSU
_bspa
_cBPMSU
092 _a372.7
_bM492m, 4to. 2013
100 1 _aMedrano, Francisca Antonia
245 1 0 _aMatemática 4 :
_b[educación básica] /
_cFrancisca Antonia Medrano ; María del Jesús de la Rosa; ilustraciones Ramón Sandoval.
250 _aedición rev. y actualizada
260 _aSanto Domingo :
_bActualidad Escolar 2000,
_c2013.
300 _a2v. :
_bil., retrs. ;
_c28 cm.
490 1 _aSigma
500 _aLa biblioteca posee Libro de texto y el Libro de maestro
500 _aCuarto grado. Primer ciclo educación básica
504 _aBibliografía: p. 200
505 1 _tNumeración I --
_tOperaciones I --
_tOperaciones II --
_tFracciones y decimales --
_tGeometría --
_tMediciones --
650 _aMATEMÁTICAS
_xENSEÑANZA BÁSICA
650 _aMATEMÁTICAS
_xEDUCACIÓN PRIMARIA
650 _aEDUCACIÓN PRIMARIA
_zREPÚBLICA DOMINICANA
650 _aMATEMÁTICAS
_xLIBROS DE TEXTOS
650 _aMATEMÁTICAS
_xESTUDIOS Y EJERCICIOS
700 1 2 _aRosa, María del Jesús
700 1 2 _aRosa, María del Jesús de la
700 1 _aSandoval, Ramón
_eil.
700 1 2 _aRosa, Dolares de la
830 0 _aSigma
910 _aValidado. Control de calidad MFF
942 _2ddc
_cBK
945 _aRemanejado para la BNPHU / 2018 VM
956 _aYLOCKWARD
_b10
999 _c9508
_d9508